Fundamentals of television engineering / (Record no. 73851)
[ view plain ]
| 000 -LEADER | |
|---|---|
| fixed length control field | 00840nam a2200253 a 4500 |
| 001 - CONTROL NUMBER | |
| control field | 73851 |
| 003 - CONTROL NUMBER IDENTIFIER | |
| rucl marc code | BD-RjUL |
| 005 - DATE AND TIME OF LATEST TRANSACTION | |
| control field | 20211209082444.0 |
| 008 - FIXED-LENGTH DATA ELEMENTS--GENERAL INFORMATION | |
| fixed length control field | 170613r19741971ii a 001 0 eng d |
| 035 ## - SYSTEM CONTROL NUMBER | |
| System control number | (BD-RjUL)74069 |
| 040 ## - CATALOGING SOURCE | |
| Original cataloging agency | DLC |
| Transcribing agency | ODaWU |
| Modifying agency | DLC |
| -- | BD-RjUL |
| Language of cataloging | eng |
| 041 ## - LANGUAGE CODE | |
| Language code of text/sound track or separate title | eng |
| 082 00 - DEWEY DECIMAL CLASSIFICATION NUMBER | |
| Classification number | 621.388 |
| Author mark and year | GLF 1974 |
| Edition number | 23 |
| 100 1# - MAIN ENTRY--PERSONAL NAME | |
| Personal name | Glasford, Glen M. |
| 9 (RLIN) | 43286 |
| 245 10 - TITLE STATEMENT | |
| Title | Fundamentals of television engineering / |
| Statement of responsibility, etc. | Glenn M. Glasford. |
| 250 ## - EDITION STATEMENT | |
| Edition statement | T.M.H. ed. |
| 260 ## - PUBLICATION, DISTRIBUTION, ETC. (IMPRINT) | |
| Place of publication, distribution, etc. | New Delhi : |
| Name of publisher, distributor, etc. | Tata McGraw-Hill Publishing Company Ltd., |
| Date of publication, distribution, etc. | 1971 [Reprinted 1974] |
| 300 ## - PHYSICAL DESCRIPTION | |
| Pagination | xiv, 642 p. : |
| Illustrations | ill. ; |
| Size | 24 cm. |
| 490 #0 - SERIES STATEMENT | |
| Series statement | McGraw-Hill electrical and electronic engineering series |
| 500 ## - GENERAL NOTE | |
| General note | Includes index. |
| 650 #0 - SUBJECT ADDED ENTRY--TOPICAL TERM | |
| Topical term or geographic name as entry element | Television. |
| 9 (RLIN) | 43287 |
| 830 ## - SERIES ADDED ENTRY--UNIFORM TITLE | |
| Uniform title | McGraw-Hill electrical and electronic engineering series |
| 942 ## - ADDED ENTRY ELEMENTS (KOHA) | |
| Source of classification or shelving scheme | Dewey Decimal Classification |
| Koha item type | Books |
| Lost status | Source of classification or shelving scheme | Damaged status | Not for loan | Collection code | Permanent Location | Current Location | Shelving location | Date acquired | Source of acquisition | Cost, normal purchase price | Total Checkouts | Full call number | Date last seen | Copy number | Koha item type |
|---|---|---|---|---|---|---|---|---|---|---|---|---|---|---|---|
| Dewey Decimal Classification | Not For Loan | Non-fiction | Central Library, University of Rajshahi | Central Library, University of Rajshahi | Reading Room | 08/06/1976 | Alighor library, Rajshahi | 75.00 | 621.388 GLF 1974 | 13/06/2017 | C-1 | Books | |||
| Dewey Decimal Classification | Non-fiction | Central Library, University of Rajshahi | Central Library, University of Rajshahi | 08/06/1976 | Aligarh library,Rajshahi | 75.00 | 621.388 GLF 1974 | 10/01/2019 | C-2 | Books | |||||
| Dewey Decimal Classification | Non-fiction | Central Library, University of Rajshahi | Central Library, University of Rajshahi | 27/03/1979 | book centre | 75.00 | 621.388 GLF 1974 | 16/02/2019 | C-3 | Books |